Bienvenue à la Médiathèque de Saint-Andiol
banniere
Accueil Recherche avancée Mon compte
handi1 Rechercher dans le catalogue

Filtre   Mots-clés
  Recherche avancée
 
Lister les dernières nouveautés
 
Lister les livres GROS CARACTERES
 
Lister les périodiques (magazines)

handi1 Plume de sage

Book Cover
Auteur principal : Christophe Arleston
Autres auteurs : Jean-Louis Mourier
Titre : Plume de sage
Support : Livres
Langue : Francais
Publié : 2004 Soleil Toulon
Series : Trolls de Troy
Genre : Bande dessinée (adultes)
Sujets :
Étiquettes :
Pas de tags
LEADER 00631nam0a2200193 450
001 16827720
010 |a 978-2-845-65482-2  |b Br. 
100 |a 20120306d2004 u u0frey01 ba 
101 0 |a fre 
200 0 |a Plume de sage  |f Christophe Arleston, Jean-Louis Mourier 
207 1 |a   
210 |a Toulon  |c Soleil  |d 2004 
215 |a 1 vol. (52 p.)  |d 32x23 cm 
461 0 |t Trolls de Troy 
700 0 |a Arleston  |b Christophe  |f 1963-....  |4 690 
701 0 |a Mourier  |b Jean-Louis  |f 1962-....  |4 0 
900 |a Bande dessinée (adultes) 
901 |a Adultes 
995 |a Médiathèque  |c Médiathèque  |f 089012062  |h 089012062  |k BDA ARL  |o p  |q a  |r az  |e Médiathèque